One Direction - Signes astrologiques des chanteurs - Statistiques

Statistiques générales
  • Ce quiz a été pris 386 fois
  • Le résultat moyen est 4 sur 5
Statistiques - réponses
Hint Réponse % Correct
Zayn Capricorne
89%
Harry Verseau
89%
Niall Vierge
89%
Louis Capricorne
85%
Liam Vierge
82%
Aucun quiz correspondant
Distribution des résultats
% des personnes avec chaque résultat
Percentile par nombre de réponses
Votre historique - résultats
Vous n’avez pas pris ce quiz